00773nam a22002177a 450000500170000001000150001702000110003203500140004303700090005708200080006610000270007424500540010126000410015527000510019630000210024749000060026850000870027494200220036199900190038395201530040220241218144022.0 aENG-143077 c400.00 aEN-126609 bDBAD a004 aBhattacharya, J975391 aRudiments Of Computer Science/bBy J Bhattacharya aKolkatabAcademic Publicationsc2024 bKolkatae700073mcontact@academicpublishers.in a291p.;c27cm(pb) v1 aBased On New Curriculum of West Bengal Council For Higher Secondary Education 2024 2ddccENmBHAh004 c207807d207807 00103Vol 140708NFICaLbLd2024-12-18eDelivery of Books Divisiong400.00l0oBHA 004pEN-126609r2024-12-18 00:00:00t1v400.00w2024-12-18yEN